000 nam a22 a 4500
999 _c1650
_d1650
003 BLK
005 20230412163159.0
008 180412b bul|||||r ||||||| ||bul||
010 _aKNG00002517000
020 _a954-450-007-3
040 _aBLK
041 _aBUL
_cBUL
080 _aИндивидуална психология. Психология на личността. Индивидуалност. Психология на характера. Характерология. Психологическа типология
_b159.923
_z159.923
080 _aБезсъзнателно и подсъзнателно
_b159.964
_z159.964
080 _aПсихоанализата като лечебно средство
_b615.851.13
_z615.851.13
100 1 _aЮнг, Карл Густав
_eпърви автор
_9244570
139 _aЮнг, Карл Густав
_bЮ 24
245 1 0 _aИзбрано
_bКн. 1 - 3
_cКарл Густав Юнг; прев. на том Марина Бояджиева.
_nКн. 3
257 _aDEU
260 _aПлевен
_bЕА
_c1993
_9211485
_n978-954-450-
300 _c19 см
380 _a1
490 _aБиблиотека Съвременни философи
_v13
_9203175
500 _aПрев. от амер. изд. The basic writings / C. G. Jung ; Ориг. загл. на нем. ез ; Офс. изд.
650 4 _aЛичност - психология
_9243160
650 4 _aПсихоанализа
_9168303
650 4 _aПсихотерапия
_9168415
653 _aпсихоанализа
653 _aпсихология на личността
700 1 _aБояджиева, Марина
_eпрев. на том
_9244571
760 1 _aЮнг, Карл Густав
_dЕвразия-Абагар, 1994
_h227 с.
_nПредм. показалец
_tКн. 3
852 _aЦб 173001
_bЦб
856 4 _qpdf
_u
_i0.00
_ldisable
856 4 _qpdf
_u
_i0.00
_ldisable
942 _cKNG
_n0
_s1
944 _aCR
_c15.01.2003
_kГеновева_Генчева
944 _aED
_c05.01.2007
999 _d1650
999 _d1650